A Dictionary of MUSICAL THEMES (Record no. 6055)

000 -LEADER
fixed length control field 00334nam a22001457a 4500
003 - CONTROL NUMBER IDENTIFIER
control field OSt
005 - DATE AND TIME OF LATEST TRANSACTION
control field 20260418161954.0
008 - FIXED-LENGTH DATA ELEMENTS--GENERAL INFORMATION
fixed length control field 260418b |||||||| |||| 00| 0 eng d
020 ## - INTERNATIONAL STANDARD BOOK NUMBER
International Standard Book Number -
040 ## - CATALOGING SOURCE
Transcribing agency ALUPE UNIVERSITY
050 ## - LIBRARY OF CONGRESS CALL NUMBER
Classification number ML128
Item number .M87 1949
245 ## - TITLE STATEMENT
Title A Dictionary of MUSICAL THEMES
260 ## - PUBLICATION, DISTRIBUTION, ETC.
Date of publication, distribution, etc. c1949.
942 ## - ADDED ENTRY ELEMENTS (KOHA)
Source of classification or shelving scheme
Koha item type References
Suppress in OPAC CM
Holdings
Withdrawn status Lost status Source of classification or shelving scheme Damaged status Not for loan Permanent Location Current Location Shelving location Date acquired Source of acquisition Total Checkouts Full call number Barcode Date last seen Price effective from Koha item type Public note
          AU LIBRARY AU LIBRARY Reference 18.04.2026 DONATION   ML128 .M87 1949 28008520 18.04.2026 18.04.2026 References CM

Powered by Koha